معجم إعراب ألفاظ القرآن الكريم / (Record no. 5522)
[ view plain ]
| 000 -الفاتح | |
|---|---|
| حقل البيانات ثابتة الطول | 00988nac a22002051u 4500 |
| 008 - عناصر البيانات ثابتة الطول - معلومات عامة | |
| حقل البيانات ثابتة الطول | 101003s1998 xxu||||| |||| 00| 0 ara d |
| 082 ## - رقم تصنيف ديوى العشرى | |
| رقم التصنيف | 297.1226 |
| رقم المادة | ا ع ر |
| 245 ## - بيان العنوان | |
| العنوان | معجم إعراب ألفاظ القرآن الكريم / |
| بيان المسئوليه,etc | قدم له محمد سيد طنطاوي ؛ راجعه محمد فهيم أبو عبية |
| 250 ## - بيان الطبعة | |
| بيان الطبعة | ط 2 |
| 260 ## - PUBLICATION, DISTRIBUTION, ETC. (IMPRINT) | |
| مكان الناشر او الموزع | بيروت : |
| اسم الناشر او الموزع | مكتبة لبنان ،1998 |
| تاريخ النشر أو التوزيع | 1998. |
| 300 ## - الوصف المادى | |
| التعداد | 830 ص ؛ |
| أبعاد الوعاء | 28 سم. |
| 500 ## - تبصرة عامة | |
| تبصرة عامة | يشتمل على صفحة عنوان باللغة الانجليزية |
| 511 ## - | |
| -- | Catalogued by: Sara |
| 650 ## - المدخل الاضافى بالموضوع-مصطلح موضوعى | |
| مصطلح موضوعي أو اسم جغرافي كعنصر مدخل | القرآن |
| 9 (RLIN) | 14883 |
| التقسيم الفرعي العام | ألفاظ |
| 650 ## - المدخل الاضافى بالموضوع-مصطلح موضوعى | |
| مصطلح موضوعي أو اسم جغرافي كعنصر مدخل | القرآن، إعراب |
| 9 (RLIN) | 21631 |
| 700 ## - المدخل الاضافى - اسم شخصى | |
| الإسم الشخصى | طنطاوي ، محمد سيد |
| 9 (RLIN) | 20036 |
| 700 ## - المدخل الاضافى - اسم شخصى | |
| الإسم الشخصى | أبو عبية ، محمد فهيم |
| 9 (RLIN) | 20037 |
| 942 ## - عناصر المدخل الإضافي( كوها) | |
| Koha [default] item type | Book - Borrowing |
| سابقة رقم الطلب | 224.2 ا ع ر |
| مصدر التصنيف او مخطط الترفيف | Dewey Decimal Classification |
| حالة التراجع | حالة الفقد | مصدر التصنيف او خطة الترفيف | حالة تلف | ليس للاعارة | مجموعات كوها | المكان الدائم | المكان الحالي | موقع الترفيف | تاريخ الاكتساب | Source of acquisition | رقم الاستدعاء | الباركود | Date last seen | نوع الوعاء |
|---|---|---|---|---|---|---|---|---|---|---|---|---|---|---|
| Dewey Decimal Classification | Alef-Baa | Central Library | Central Library | Lower Floor | 22/12/2010 | 224.2 ا ع ر | 000006925 | 15/07/2025 | Book - Borrowing |